Statistics for Masks In The Legend Of Zelda: Majora's Mask

Click here to take the quiz!

General Stats

  • This quiz has been taken 21 times
  • The average score is 20 of 24

Answer Stats

UseMask% Correct
Transforms Link into a Deku Scrub.Deku Mask
100%
Transforms Link into a Goron.Goron Mask
100%
Transforms Link into a Zora.Zora Mask
100%
Allows Link to run faster and jump further.Bunny Hood
94%
Allows Link to communicate with certain Gibdos.*Gibdo Mask
94%
Attracts Stray Fairies to Link.Great Fairy Mask
94%
Makes people talk about Kafei.Kafei's Mask
94%
Summons Keatons in the rustling grass.Keaton Mask
94%
Prevents Link from ever falling asleep.All-Night Mask
89%
Allows Link to communicate with frogs.Don Gero's Mask
89%
Transforms Link into an ancient God that can obliterate bosses.Fierce Deity Mask
89%
Grows Link to a gigantic size.Giant's Mask
89%
Makes Link invisible to nearly everyone and everything.Stone Mask
89%
Symbolizes the uniting of a couple.Couple's Mask
83%
Allows Link to check postboxes.Postman's Hat
83%
Allows Link to enter the Milk Bar.Romani's Mask
83%
Causes an explosion at the cost of some health.Blast Mask
78%
Allows Link to smell mushrooms.Mask Of Scents
78%
Makes Stalchildren believe that Link is their leader, Captain Keeta.*Captain's Hat
72%
Allows entry into the Ikana Canyon and allows Link to encounter Garos.*Garo's Mask
72%
Allows Link to read Gossip Stones and the thoughts of certain animals.Mask Of Truth
72%
Stops the Gorman bandits from attacking Cremia and calms angry people.Troupe Leader's Mask
67%
Allows Link to play a catchy marching tune.Bremen Mask
61%
Allows Link to do a weird but oddly hypnotic dance.Kamaro's Mask
56%

Score Distribution

Percentile by Number Answered

Percent of People with Each Score

Your Score History

You have not taken this quiz